[Event "18th ECI tournament, Euwe memorial"]
[Site "Eeklo"]
[Date "1991.08.??"]
[Round "6"]
[White "Petrosian, Arshak Bagrati"]
[Black "Barkhagen, Jonas"]
[Result "1-0"]
[WhiteElo "2505"]
[WhiteTitle "GM"]
[BlackElo "2360"]
[Source "365chess.com"]

1. Nf3 c5 2. c4 Nc6 3. d4 cxd4 4. Nxd4 g6 5. e4 Bg7 6. Be3 Nf6 7. Nc3 Ng4
8. Qxg4 Nxd4 9. Qd1 Nc6 10. Rc1 d6 11. Be2 O-O 12. Qd2 Qa5 13. O-O a6 14. Rfd1
Rb8 15. b3 Be6 16. Nd5 Qxd2 17. Rxd2 Rfc8 18. Nb6 Rc7 19. f4 f5 20. c5 dxc5
21. e5 Nb4 22. Rxc5 Rxc5 23. Bxc5 Nc6 24. Kf2 Kf7 25. Bf3 h5 26. h4 Bh6 27. Be3
Ke8 28. g3 Bf8 29. Na4 Nd8 30. Bb6 Bd7 31. Nc5 Bc6 32. Nxa6 Rc8 33. Rxd8+ Rxd8
34. Bxc6+ bxc6 35. Bxd8 Kxd8 36. Nc5 Kc8 37. Ke3 e6 38. Nxe6 Bb4 39. Nd4 Kd7
40. Kd3 Be1 41. Ne2 Bf2 42. Kc4 Be1 43. b4 Bf2 44. a4 Be1 45. a5 Kc7 46. a6 Bf2
47. e6 Kd6 48. Nd4 1-0

[Event "18th ECI tournament, Euwe memorial"]
[Site "Eeklo"]
[Date "1991.08.??"]
[Round "7"]
[White "Barkhagen, Jonas"]
[Black "Berg, Klaus"]
[Result "0-1"]
[WhiteElo "2360"]
[BlackElo "2390"]
[BlackTitle "IM"]
[Source "365chess.com"]

1. d4 Nf6 2. c4 c5 3. d5 b5 4. cxb5 a6 5. b6 Qxb6 6. Nc3 d6 7. e4 g6 8. a4 Bg7
9. a5 Qb4 10. Ra4 Qb7 11. Nf3 O-O 12. Bc4 Bd7 13. Ra3 Bb5 14. Qb3 Nbd7 15. Nxb5
axb5 16. Qxb5 Rfb8 17. Qxb7 Rxb7 18. Nd2 Ng4 19. Be2 f5 20. Nc4 Nge5 21. Nd2 Nf6
22. f4 Ned7 23. exf5 gxf5 24. Bc4 Rba7 25. Nb3 Rb8 26. Nd2 Rba8 27. Bd3 Rxa5
28. Rxa5 Rxa5 29. Bxf5 Nb6 30. Nf3 Nfxd5 31. Be6+ Kf8 32. Kd1 Ra1 33. Nd2 Ne3+
34. Ke2 Nxg2 35. Rf1 Rxc1 36. Rxc1 Nxf4+ 37. Kf2 Nxe6 0-1

[Event "18th ECI tournament, Euwe memorial"]
[Site "Eeklo"]
[Date "1991.08.??"]
[Round "7"]
[White "Cardon, Helmut"]
[Black "King, Daniel John"]
[Result "1/2-1/2"]
[WhiteElo "2375"]
[WhiteTitle "IM"]
[BlackElo "2505"]
[BlackTitle "GM"]
[Source "365chess.com"]

1. d4 Nf6 2. c4 e6 3. Nc3 Bb4 4. e3 O-O 5. Bd3 d5 6. a3 Bxc3+ 7. bxc3 dxc4
8. Bxc4 c5 9. Ne2 e5 10. a4 Qc7 11. Ba3 Rd8 12. Rc1 b6 13. O-O Nc6 14. Ng3 Na5
15. Bd3 Be6 16. f4 e4 17. Nxe4 Nxe4 18. Bxe4 Rac8 19. d5 Nc4 20. Qe2 Nd6 21. Bf3
Bf5 22. c4 Re8 23. Bb2 f6 24. Bh5 Re7 25. h4 Qd7 26. Kh2 Bg6 27. Bg4 Bf5 28. Bh5
Bg6 29. Bg4 Bf5 1/2-1/2

[Event "18th ECI tournament, Euwe memorial"]
[Site "Eeklo"]
[Date "1991.08.??"]
[Round "7"]
[White "Dutreeuw, Marc"]
[Black "Mikhalchishin, Adrian Bogdanovich"]
[Result "0-1"]
[WhiteElo "2410"]
[WhiteTitle "FM"]
[BlackElo "2520"]
[BlackTitle "GM"]
[Source "365chess.com"]

1. e4 e5 2. Nf3 Nc6 3. Bb5 a6 4. Ba4 Nf6 5. O-O b5 6. Bb3 Bb7 7. Re1 Bc5 8. c3
d6 9. d4 Bb6 10. Bg5 h6 11. Bh4 g5 12. Bg3 O-O 13. dxe5 Nxe5 14. Nxe5 dxe5
15. Nd2 Qe7 16. Qc2 Rad8 17. Kh1 Nh5 18. Nf1 Rd6 19. Rad1 Rfd8 20. Rxd6 Rxd6
21. Rd1 Nf4 22. Rd2 Kf8 23. Rxd6 Qxd6 24. Ne3 Bxe3 25. fxe3 Nd3 26. Bd5 Bxd5
27. Qxd3 Bxa2 28. Qf1 Bc4 29. Qf3 f6 30. h3 Kg7 31. Kh2 Qc6 32. Qd1 Qxe4
33. Qd7+ Kg6 34. Qe8+ Bf7 35. Qe7 h5 36. b4 h4 37. Bf2 Qc2 38. Bg1 Qxc3 39. Bf2
Qc6 40. Be1 Qd6 0-1

[Event "18th ECI tournament, Euwe memorial"]
[Site "Eeklo"]
[Date "1991.08.??"]
[Round "7"]
[White "Hallebeek, Fred"]
[Black "Petrosian, Arshak Bagrati"]
[Result "0-1"]
[WhiteElo "2370"]
[WhiteTitle "FM"]
[BlackElo "2505"]
[BlackTitle "GM"]
[Source "365chess.com"]

1. e4 c5 2. Nf3 d6 3. d4 cxd4 4. Nxd4 Nf6 5. Nc3 a6 6. Be3 e5 7. Nb3 Be6 8. Qd2
Nbd7 9. f3 Rc8 10. g4 Be7 11. O-O-O b5 12. g5 Nh5 13. Nd5 Bxd5 14. exd5 Nb6
15. Na5 Nxd5 16. Qxd5 Qxa5 17. Bh3 Rc4 18. Bf1 Rc7 19. Qa8+ Bd8 20. Bxb5+ Qxb5
21. Rxd6 Rd7 22. Rhd1 Rxd6 23. Rxd6 Ke7 24. Rd5 Bc7 25. Qa7 Qxd5 26. Qxc7+ Ke6
0-1

[Event "18th ECI tournament, Euwe memorial"]
[Site "Eeklo"]
[Date "1991.08.??"]
[Round "7"]
[White "Van Laatum, Gozewijn"]
[Black "Martens, Martin"]
[Result "1/2-1/2"]
[WhiteElo "2390"]
[BlackElo "2325"]
[Source "365chess.com"]

1. e4 c5 2. Nc3 g6 3. g3 Bg7 4. Bg2 Nc6 5. d3 d6 6. Be3 Rb8 7. Qd2 b5 8. Nge2
Nd4 9. O-O e6 10. a4 a6 11. axb5 axb5 12. Bxd4 cxd4 13. Na2 Ne7 14. Nb4 Qb6
15. Ra3 O-O 16. c3 dxc3 17. bxc3 Nc6 18. Rb1 Nxb4 19. Rxb4 Bd7 20. Nd4 Rfc8
21. Nxb5 Bxb5 22. c4 Qc5 23. Ra5 Bd4 24. Raxb5 Rxb5 25. Rxb5 Qa3 26. Ra5 Qb3
1/2-1/2

[Event "18th ECI tournament, Euwe memorial"]
[Site "Eeklo"]
[Date "1991.08.??"]
[Round "8"]
[White "Hallebeek, Fred"]
[Black "Van Laatum, Gozewijn"]
[Result "1/2-1/2"]
[WhiteElo "2370"]
[WhiteTitle "FM"]
[BlackElo "2390"]
[Source "365chess.com"]

1. e4 c5 2. Nf3 d6 3. d4 cxd4 4. Nxd4 Nf6 5. Nc3 a6 6. Be2 e6 7. Be3 Qc7 8. O-O
b5 9. f4 Bb7 10. f5 e5 11. Nb3 Nbd7 12. a4 b4 13. Nd5 Nxd5 14. exd5 Nb6 15. Bxb6
Qxb6+ 16. Kh1 Bc8 17. a5 Qc7 18. Ra4 Rb8 19. Qd2 Qb7 20. Bc4 Bd7 21. Raa1 Be7
22. Qd3 Bb5 23. Nd2 f6 24. b3 O-O 25. Rf3 Bxc4 26. Nxc4 Rbc8 27. Qe4 Rc5 28. Rd1
Qd7 29. Rg3 Bd8 30. Qg4 Bc7 31. h4 Qf7 32. h5 Kh8 33. Qf3 Rb8 34. Rh3 h6 35. Qe4
Rbb5 36. Ne3 Rc3 37. Ra1 Rxa5 38. Rxa5 Bxa5 39. Kh2 Qa7 40. Nc4 Rxh3+ 41. Kxh3
Bc7 42. Nd2 a5 43. Nf3 Qa6 44. Qd3 Qxd3 45. cxd3 Kg8 46. Nd2 Kf7 47. Kg4 Ke7
48. Kf3 Bb6 49. Ke2 Kd7 50. Nc4 Bc7 51. Kd2 Kc8 52. Nb2 Kb7 53. Na4 Bb6 54. Ke2
1/2-1/2

[Event "18th ECI tournament, Euwe memorial"]
[Site "Eeklo"]
[Date "1991.08.??"]
[Round "8"]
[White "King, Daniel John"]
[Black "Dutreeuw, Marc"]
[Result "1-0"]
[WhiteElo "2505"]
[WhiteTitle "GM"]
[BlackElo "2410"]
[BlackTitle "FM"]
[Source "365chess.com"]

1. c4 e6 2. g3 d5 3. Bg2 Nf6 4. Nf3 Be7 5. O-O O-O 6. d4 dxc4 7. Qc2 a6 8. a4
Bd7 9. Qxc4 Bc6 10. Bf4 a5 11. Nc3 Na6 12. Rac1 Nb4 13. Rfe1 Bxf3 14. Bxf3 c6
15. e4 Qb6 16. Be3 Qa6 17. Qxa6 Rxa6 18. Red1 Rd8 19. Rd2 Kf8 20. Rcd1 Ke8
21. g4 h6 22. Be2 Raa8 23. f4 Rd7 24. g5 hxg5 25. fxg5 Nh7 26. h4 Nf8 27. d5 g6
28. Bc4 e5 29. Rf1 1-0

[Event "18th ECI tournament, Euwe memorial"]
[Site "Eeklo"]
[Date "1991.08.??"]
[Round "8"]
[White "Martens, Martin"]
[Black "Cardon, Helmut"]
[Result "1/2-1/2"]
[WhiteElo "2325"]
[BlackElo "2375"]
[BlackTitle "IM"]
[Source "365chess.com"]

1. e4 c5 2. Nf3 d6 3. Bb5+ Nc6 4. O-O Bd7 5. Re1 Nf6 6. c3 a6 7. Bf1 Bg4 8. h3
Bxf3 9. Qxf3 g6 10. d3 Bg7 11. Be3 O-O 12. Nd2 Nd7 13. Nb3 b5 14. d4 c4 15. Nd2
e5 16. dxe5 Ncxe5 17. Qg3 Nc5 18. Bxc5 dxc5 19. Nf3 Nxf3+ 20. Qxf3 Qg5 21. Rad1
Rad8 22. g3 Rd2 23. h4 Qh6 24. Rb1 Be5 1/2-1/2

[Event "18th ECI tournament, Euwe memorial"]
[Site "Eeklo"]
[Date "1991.08.??"]
[Round "8"]
[White "Mikhalchishin, Adrian Bogdanovich"]
[Black "Barkhagen, Jonas"]
[Result "1/2-1/2"]
[WhiteElo "2520"]
[WhiteTitle "GM"]
[BlackElo "2360"]
[Source "365chess.com"]

1. Nf3 Nf6 2. c4 e6 3. Nc3 d5 4. d4 Be7 5. Bf4 O-O 6. e3 c5 7. dxc5 Bxc5 8. a3
Nc6 9. b4 Be7 10. cxd5 Nxd5 11. Nxd5 exd5 12. Bd3 a6 13. O-O Be6 14. Rc1 Bf6
15. Rc5 Qd7 16. Bg5 Qe7 17. Bxf6 Qxf6 18. Qa1 Qxa1 19. Rxa1 h6 20. Rac1 Rfc8
21. Kf1 Kf8 22. Nd2 Ne5 23. Ke2 b6 24. Rxc8+ Rxc8 25. Rxc8+ Bxc8 26. Nb3 Ke7
27. f3 Kd6 28. Kd2 Nc4+ 29. Bxc4 dxc4 30. Nd4 Bd7 31. e4 b5 32. Ke3 g5 33. g3 h5
34. h4 gxh4 35. gxh4 f5 36. exf5 Ke5 37. Ne2 Bxf5 38. Nf4 c3 39. Nxh5 Kd5
40. Ng3 Bh7 41. Ne2 Kc4 42. Nc1 Bg6 43. Ke2 Bh5 44. Ke3 1/2-1/2

[Event "18th ECI tournament, Euwe memorial"]
[Site "Eeklo"]
[Date "1991.08.??"]
[Round "9"]
[White "Barkhagen, Jonas"]
[Black "King, Daniel John"]
[Result "1/2-1/2"]
[WhiteElo "2360"]
[BlackElo "2505"]
[BlackTitle "GM"]
[Source "365chess.com"]

1. d4 Nf6 2. c4 e6 3. Nf3 Bb4+ 4. Nbd2 b6 5. g3 Bb7 6. Bg2 c5 7. a3 Bxd2+
8. Qxd2 a5 9. dxc5 bxc5 10. Qg5 O-O 11. Qxc5 Na6 12. Qd4 Rc8 13. Bg5 Nc5 14. Rd1
a4 15. O-O h6 16. Be3 Nb3 17. Qa7 Bc6 18. Ne5 Bxg2 19. Kxg2 Ra8 20. Qb7 d5
21. Nc6 Qd6 22. Kg1 Rfe8 23. cxd5 exd5 24. Bf4 Qe6 25. Be5 Na5 26. Nxa5 Qxe5
27. Nc6 Qxe2 28. Nd4 Qg4 29. b4 axb3 30. Qxb3 Reb8 31. Qe3 Qh3 32. Qf3 Ng4
33. Qg2 Qxg2+ 34. Kxg2 Kf8 35. h3 Nf6 36. Rb1 g6 37. Rxb8+ Rxb8 38. Rc1 Ra8
39. Rc6 Ne4 40. f3 Nd2 41. Rc5 Rxa3 42. Rxd5 Ra2 43. Ne2 Nb3 44. Kf1 1/2-1/2

[Event "18th ECI tournament, Euwe memorial"]
[Site "Eeklo"]
[Date "1991.08.??"]
[Round "9"]
[White "Cardon, Helmut"]
[Black "Hallebeek, Fred"]
[Result "1/2-1/2"]
[WhiteElo "2375"]
[WhiteTitle "IM"]
[BlackElo "2370"]
[BlackTitle "FM"]
[Source "365chess.com"]

1. d4 Nf6 2. c4 g6 3. Nc3 d5 4. Bf4 Bg7 5. Nf3 c5 6. dxc5 Qa5 7. Nd2 dxc4
8. Nxc4 Qxc5 9. e4 O-O 10. Be2 Be6 11. Be3 Qc6 12. Nd2 Rd8 13. O-O Na6 14. Rc1
Qd7 15. Bb5 Qd6 16. f3 1/2-1/2

[Event "18th ECI tournament, Euwe memorial"]
[Site "Eeklo"]
[Date "1991.08.??"]
[Round "9"]
[White "Dutreeuw, Marc"]
[Black "Martens, Martin"]
[Result "1/2-1/2"]
[WhiteElo "2410"]
[WhiteTitle "FM"]
[BlackElo "2325"]
[BlackTitle ""]
[Source "365chess.com"]

1. e4 c5 2. Nf3 e6 3. d4 cxd4 4. Nxd4 Nf6 5. Nc3 d6 6. g4 Nc6 7. g5 Nd7 8. Be3
Be7 9. h4 a6 10. Qh5 O-O 11. O-O-O Nxd4 12. Bxd4 b5 13. Bd3 Ne5 14. f4 Nxd3+
15. cxd3 b4 16. Ne2 e5 17. Be3 Be6 18. Kb1 Qa5 19. b3 Rac8 20. f5 g6 21. Qg4 Rc2
22. Nc1 Rfc8 23. Rd2 gxf5 24. exf5 Qc7 25. Rxc2 Qxc2+ 26. Ka1 Qc3+ 27. Kb1
1/2-1/2